Immigration to the United States by Country - Statistics

General Stats
  • This quiz has been taken 75 times
  • The average score is 16 of 20
Answer Stats
Population (2024) Country % Correct
37,415,000 Mexico
98%
5,529,000 China
96%
4,506,000 India
95%
1,905,000 Brazil
93%
2,211,000 Canada
91%
2,601,000 Colombia
86%
2,435,000 Cuba
86%
1,525,000 Guatemala
86%
5,953,000 Italy
86%
15,447,000 Germany
84%
1,550,000 Japan
84%
2,633,000 South Korea
84%
2,183,000 Vietnam
82%
2,394,000 Dominican Republic
81%
1,773,000 Honduras
81%
1,505,000 France
79%
4,237,000 Philippines
77%
2,745,000 Poland
74%
2,474,000 El Salvador
72%
5,905,000 Puerto Rico
7%
No matching quizzes found
Score Distribution
Percent of People with Each Score
Percentile by Number Answered
Your Score History
You have not taken this quiz